Studying the History of Early English : (Record no. 623097)

MARC details
000 -LEADER
fixed length control field 00498nam a2200181 a 4500
008 - FIXED-LENGTH DATA ELEMENTS--GENERAL INFORMATION
fixed length control field 260512s2010##################000#0#eng##
020 ## - INTERNATIONAL STANDARD BOOK NUMBER
ISBN 9780230551374
082 04 - DEWEY DECIMAL CLASSIFICATION NUMBER
Classification number 420.9
Item number HOR
100 1# - MAIN ENTRY--AUTHOR NAME
Personal name Horobin, Simon,
245 10 - TITLE STATEMENT
Title Studying the History of Early English :
260 ## - PUBLICATION, DISTRIBUTION, ETC. (IMPRINT)
Name of publisher Red Globe Press,
Year of publication 2010.
650 #0 - SUBJECT ADDED ENTRY--TOPICAL TERM
Topical Term Language Arts & Disciplines.
942 ## - ADDED ENTRY ELEMENTS (KOHA)
Koha item type English Books
Holdings
Withdrawn status Lost status Damaged status Not for loan Home library Current library Date acquired Full call number Accession Number Price effective from Koha item type
        Anna Centenary Library Anna Centenary Library 12.05.2026 420.9 HOR 320159 12.05.2026 English Books

Find us on the map